书目信息 |
| 题名: |
从格里柯到戈雅
|
|
| 作者: | 汤姆林森 著 ;邓文华 译 | |
| 分册: | ||
| 出版信息: | 北京 中国建筑工业出版社 2004.07 |
|
| 页数: | 174页 | |
| 开本: | 21cm | |
| 丛书名: | 古典与现代艺术书系 | |
| 单 册: | ||
| 中图分类: | J209.551 | |
| 科图分类: | ||
| 主题词: | 绘画史--hui hua shi--研究--西班牙--1561-1828 | |
| 电子资源: | ||
| ISBN: | 7-112-06218-7 | |
| 000 | 01197nam 2200289 450 | |
| 001 | 012007276670 | |
| 005 | 20071225180348.43 | |
| 010 | @a7-112-06218-7@dCNY38.00 | |
| 100 | @a20071225d2004 km y0chiy0120 ea | |
| 101 | 1 | @achi@ceng |
| 102 | @aCN@b110000 | |
| 105 | @aab a 000yy | |
| 106 | @ar | |
| 200 | 1 | @a从格里柯到戈雅@Acong ge li ke dao ge ya@e1561-1828 年的西班牙绘画@f(美) 詹妮·汤姆林森著@F(mei)zhan ni·tang mu lin sen zhu@g邓文华译@Gdeng wen hua yi |
| 210 | @a北京@c中国建筑工业出版社@d2004.07 | |
| 215 | @a174页@c图 (部分彩图), 地图@d21cm | |
| 225 | 2 | @a古典与现代艺术书系@Agu dian yu xian dai yi shu shu xi |
| 306 | @a本套图书由英国Laurence King出版社授权翻译出版 | |
| 320 | @a有书目 (第172-173页) | |
| 330 | @a本书沿着西方艺术史的主干脉络对于世界艺术与建筑艺术进行了梳理,不仅对艺术风格进行了详尽的分析,也对艺术与其他领域之精华相结合所产生的近代影响进行了深入的探讨。 | |
| 410 | 0 | @12001 @a古典与现代艺术书系 |
| 606 | 0 | @a绘画史@Ahui hua shi@x研究@y西班牙@z1561-1828 |
| 690 | @aJ209.551@v4 | |
| 701 | 1 | @a汤姆林森@Atang mu lin sen@g(Tomlinson, J.)@4著 |
| 702 | 0 | @a邓文华@Adeng wen hua@4译 |
| 801 | 0 | @aCN@bQSSK@c20071225 |
| 905 | @b271543-44@dJ209.551@eT193@f2 | |
| 从格里柯到戈雅:1561-1828 年的西班牙绘画/(美) 詹妮·汤姆林森著/邓文华译.-北京:中国建筑工业出版社,2004.07 |
| 174页:图 (部分彩图), 地图;21cm.-(古典与现代艺术书系) |
| ISBN 7-112-06218-7:CNY38.00 |
| 本书沿着西方艺术史的主干脉络对于世界艺术与建筑艺术进行了梳理,不仅对艺术风格进行了详尽的分析,也对艺术与其他领域之精华相结合所产生的近代影响进行了深入的探讨。 |
| ● |
| 相关链接 |
|
|
|
正题名:从格里柯到戈雅
索取号:J209.551/T193
 
预约/预借
| 序号 | 登录号 | 条形码 | 馆藏地/架位号 | 状态 | 备注 |
| 1 | 271543 | 202715437 | 社科库309/309社科库 67排4列5层/ [索取号:J209.551/T193] | 在馆 | |
| 2 | 271544 | 202715446 | 社科库309/309社科库 67排4列5层/ [索取号:J209.551/T193] | 在馆 |